000 00544nam a22001937a 4500
003 OSt
005 20170314132730.0
008 170314b xxu||||| |||| 00| 0 eng d
020 _a0750306408
040 _cDDC.
082 _a539.7JON 2000.
100 _aJones Tony;
_911833
245 _aSplitting The Second:
_bThe Story of the Atomic Time
260 _aBristol;
_bInstitute of Physics Publishing.
_c2000.
300 _ax,199p;
_bcol,ill;
_c23cm.
504 _aincludes glossary and index.
650 _aPhysics.
_9809
942 _2ddc
_cO_SHELF
999 _c5681
_d5681